| 000 | nam a22 7a 4500 | ||
|---|---|---|---|
| 999 |
_c329564 _d329564 |
||
| 003 | NUST | ||
| 005 | 20170615131127.0 | ||
| 008 | 170515b xxu||||| |||| 00| 0 eng d | ||
| 020 | _a9693516680 | ||
| 040 | _cNUST | ||
| 041 | _hUrdu | ||
| 082 |
_a891.4392 _bAHM |
||
| 100 |
_aAhmad, Ashfaq _9677 |
||
| 245 |
_aShora shori: _btalqeen shah _cby Ashfaq Ahmad |
||
| 260 |
_aLahore: _bSang-e- Meel Publications, _c2005 |
||
| 300 | _a445 p. | ||
| 500 | _aRadio drama | ||
| 650 |
_aUrdu Literature _vRadio Drama _9683 |
||
| 880 |
_6100-01\(3\r _aاشفاق احمد |
||
| 880 |
_6245-02\(3\r _aشورا شوری _bتلقین شاہ _cاشفاق احمد |
||
| 880 |
_6260-03\(3\r _aلاہور: _bسنگ میل پبلی کیشنز، _c2005 |
||
| 942 |
_2ddc _cBK |
||